000 00372 a2200121 4500
001 64205
082 _a531.11WEL
090 _c37950
_d37950
100 _aWells D.A
245 _aSchaum's outline of lagrangian Dynamics
_bEuler's equations of motion Mamilton's equations and hamilton's principles v 42v 44: 1st
260 _aNY
_bMcGraw-Hill
_c1967
300 _a353 p
942 _aNUST-CAE
_k531.11WEL
999 _c299278
_d299278